书目信息 |
| 题名: |
守恒律方程的数值方法
|
|
| 作者: | 勒维克 著 ;朱华君 译 | |
| 分册: | ||
| 出版信息: | 北京 国防工业出版社 2017.1 |
|
| 页数: | 11,202页 | |
| 开本: | 21cm | |
| 丛书名: | ||
| 单 册: | ||
| 中图分类: | O175.2 | |
| 科图分类: | ||
| 主题词: | 守恒律--数学物理方程--数值方法 | |
| 电子资源: | ||
| ISBN: | 978-7-118-11132-3 | |
| 000 | 01225nam0 2200253 450 | |
| 001 | 0400004165 | |
| 005 | 20171023145219.0 | |
| 010 | @a978-7-118-11132-3@dCNY66.00 | |
| 100 | @a20170427d2017 em y0chiy50 ea | |
| 101 | 1 | @achi@ceng |
| 102 | @aCN@b110000 | |
| 105 | @ay z 000yy | |
| 106 | @ar | |
| 200 | 1 | @a守恒律方程的数值方法@9shou heng lv fang cheng de shu zhi fang fa@dNumerical methods for conservation laws@zeng@f(美)兰德尔·勒维克(Randall J. LeVeque)著@g朱华君译 |
| 210 | @a北京@c国防工业出版社@d2017.1 | |
| 215 | @a11,202页@d21cm | |
| 330 | @a本书着重介绍守恒律方程的数学理论和数值方法。守恒律方程的数学理论部分从标量守恒律到方程组的守恒律,从线性对流方程到非线性方程的顺序由简到难地给出了守恒律方程的特性介绍。数值方法方面介绍了数值方法的特性,包括收敛性,稳定性和CFL条件等,介绍了经典的Godunov格式,近似Riemann解算子和非线性稳定性,还介绍了高分辨格式,包括限制器,人工粘性,TVD格式和ENO格式等内容。 | |
| 510 | 1 | @aNumerical methods for conservation laws@zeng |
| 606 | 0 | @a守恒律@x数学物理方程@x数值方法 |
| 690 | @aO175.2@v5 | |
| 701 | 0 | @c(美)@a勒维克@9le wei ke@c(LeVeque, Randall J. )@4著 |
| 702 | 0 | @a朱华君@9zhu hua jun@4译 |
| 801 | 0 | @aCN@b91MARC@c20171023 |
| 905 | @b1028001-5@dO175.2@f5@e145 | |
| 守恒律方程的数值方法=Numerical methods for conservation laws/(美)兰德尔·勒维克(Randall J. LeVeque)著/朱华君译.-北京:国防工业出版社,2017.1 |
| 11,202页;21cm |
| ISBN 978-7-118-11132-3:CNY66.00 |
| 本书着重介绍守恒律方程的数学理论和数值方法。守恒律方程的数学理论部分从标量守恒律到方程组的守恒律,从线性对流方程到非线性方程的顺序由简到难地给出了守恒律方程的特性介绍。数值方法方面介绍了数值方法的特性,包括收敛性,稳定性和CFL条件等,介绍了经典的Godunov格式,近似Riemann解算子和非线性稳定性,还介绍了高分辨格式,包括限制器,人工粘性,TVD格式和ENO格式等内容。 |
| ● |
| 相关链接 |
|
|
|
|
正题名:守恒律方程的数值方法
索取号:O175.2/145
 
预约/预借
| 序号 | 登录号 | 条形码 | 馆藏地/架位号 | 状态 | 备注 |
| 1 | 1028001 | 210280015 | 第二样本阅览室/ [索取号:O175.2/145] | 在馆 | |
| 2 | 1028002 | 210280024 | 密集书库-数信学院/ [索取号:O175.2/145] | 在馆 | |
| 3 | 1028003 | 210280033 | 第三借阅区/ [索取号:O175.2/145] | 在馆 | |
| 4 | 1028004 | 210280042 | 第三借阅区/ [索取号:O175.2/145] | 在馆 | |
| 5 | 1028005 | 210280051 | 第三借阅区/ [索取号:O175.2/145] | 在馆 |